Англійська мова. Практикум з наук-техн. перекладу. (Запис № 281194)
[ простий вигляд ]
| 000 -LEADER | |
|---|---|
| fixed length control field | 00294nam a22001097a 4500 |
| 041 ## - LANGUAGE CODE | |
| Language code of text/sound track or separate title | eng |
| 080 ## - UNIVERSAL DECIMAL CLASSIFICATION NUMBER | |
| Universal Decimal Classification number | 80 |
| 100 ## - MAIN ENTRY--PERSONAL NAME | |
| Personal name | Федоришин, О.П. |
| 245 ## - TITLE STATEMENT | |
| Title | Англійська мова. Практикум з наук-техн. перекладу. |
| 650 ## - SUBJECT ADDED ENTRY--TOPICAL TERM | |
| Topical term or geographic name as entry element | Translation |
| 942 ## - ADDED ENTRY ELEMENTS (KOHA) | |
| Koha item type | Книги |
Немає доступних примірників.